000 00459nam a22001697a 4500
005 20260108110730.0
008 260108b |||||||| |||| 00| 0 eng d
020 _a9780840032270
_qpbk
041 _aeng
082 _a301.072
_bROY
100 _a Royse, David D.
245 _a Research methods in social work
_cDavid D. Royse
260 _a Australia
_bThomson Learning
_c2011
300 _a387 p.
_c23 cm.
700 _aDavid D. Royse
942 _cENGLISH
999 _c607564
_d607564